| 000 | 01096ncm a22003134i 4500 | ||
|---|---|---|---|
| 001 | 197861 | ||
| 003 | ES-MaACL | ||
| 005 | 20260115063029.0 | ||
| 008 | 251003s2005 sp a 1|1|spa | ||
| 017 |
_aB 35450-2005 _bOficina Depósito Legal Barcelona |
||
| 020 | _a8467206136 | ||
| 040 |
_aES-MaACL _bspa _cES-MaACL _erda |
||
| 080 | _a821.134.2-31"19" | ||
| 100 |
_aÁbalos, Rafael, _d1956- _eaut _9242336 |
||
| 245 | 0 |
_aGrimpow : _bel camino invisible / _cRafael Ábalos |
|
| 264 | 1 |
_aBarcelona : _bCírculo de Lectores, _c2005 |
|
| 264 | 4 | _a©2005 | |
| 300 |
_a469 páginas : _bilustraciones ; _c22 cm |
||
| 336 |
_2rdacontent _atexto |
||
| 337 |
_2rdamedia _asin mediación |
||
| 338 |
_2rdacarrier _avolumen |
||
| 500 | _aÍndice | ||
| 655 | 0 |
_9236495 _aNovelas fantásticas |
|
| 852 |
_aES-MaACL _cDEPO1 _jA-15798 _hDonación: José Lázaro García _xEncuadernación cartoné _9206845 |
||
| 942 |
_cMONOGRAFIA _n0 |
||
| 999 |
_c197861 _d197861 |
||